000 00425ntaaa2200181 4500
003 01
005 20251027202337.0
008 0714s1973 ag 01
040 _aAR-BaBN
_bspa
_cAR-BaBN
_eaacr
_dRIC
082 _a296.0900 Sc9
100 _aBaron, Salo W
_922063
245 _aLa época miderna
250 _a1 ed.
260 _aBuenos Aires :
_bPaidós,
_c1965
300 _a327 p
650 _ajudaismo
_94672
942 _cBK
999 _c18292
_d18292